| 000 | 004690000a22001690004500 | ||
|---|---|---|---|
| 003 | MACL | ||
| 005 | 20160107174029.0 | ||
| 008 | 160107b xxu||||| |||| 00| 0 eng d | ||
| 040 |
_aMACL _cMACL |
||
| 041 | _aEnglish | ||
| 082 | _a294.5/RAD | ||
| 100 |
_aRadhakrishnan, S _9673 |
||
| 245 | _aPratap Singh Gaekwad Library of Indian Philosophy And Religion | ||
| 260 |
_bBenares Hindus University _c1944 _aMadras |
||
| 650 |
_aReligion _929438 |
||
| 942 |
_cBK _k823/Sar _2ddc |
||
| 999 |
_c35211 _d35211 |
||